Loading...
| Fine Arts - Other | 3 | 16.67 | 1,200% | 167% | 567% |
| Fine Arts - Visual | 5 | 20.00 | 1,440% | 340% | 580% |
| History - American | 4 | 20.00 | 2,700% | 450% | 300% |
| History - European | 3 | 16.67 | 2,033% | 367% | 200% |
| History - Other | 3 | 16.67 | 2,033% | 400% | 167% |
| History - World | 4 | 15.00 | 2,700% | 425% | 0% |
| Literature - American | 2 | 15.00 | 1,800% | 0% | 600% |
| Literature - British | 4 | 20.00 | 3,325% | 125% | 425% |
| Literature - European | 4 | 15.00 | 2,425% | 400% | 0% |
| Literature - World | 3 | 13.33 | 0% | 200% | 567% |
| Mythology | 1 | 20.00 | 3,600% | 600% | 0% |
| Philosophy | 5 | 16.00 | 720% | 460% | 340% |
| Religion | 4 | 17.50 | 2,425% | 150% | 425% |
| Science - Biology | 2 | 10.00 | 0% | 600% | 0% |
| Science - Chemistry | 4 | 17.50 | 1,800% | 300% | 450% |
| Science - Other | 3 | 23.33 | 2,400% | 567% | 400% |
| Science - Physics | 1 | 10.00 | 0% | 500% | 0% |
| Social Science | 2 | 20.00 | 1,800% | 600% | 300% |